000 00791nam a2200253Ia 4500
003 OSt
005 20220925224927.0
006 a|||||r|||| 00| 0
007 ta
008 220923b |||||||| |||| 00| 0 eng d
020 _a0415189640
037 _cGeneral Book
040 _aRTL
_cRTL
_beng
041 _2eng
_aeng
082 _aU43, P1
100 _aMarvin Simon
_9291719
245 0 _aSplintering urbanism
_b Networked infrastructures technological mobilities and the urban condition
260 _aLondon
_bRoutledge Publishers
_c2001
300 _axx, 477p Bibliography: P 433-62
_ccm.
650 _aUrban Sociology
_934088
700 _a Graham Stephen
_936939
942 _hU43, P1
_cGB
_2CC
999 _c582618
_d582618